Statystyki dla Państwa świata - quiz na mapie

Kliknij tutaj aby rozwiązać quiz!

Ogólne statystyki

  • Ten quiz został rozwiązany 2 588 razy
  • Średni wynik to 83 z 196

Odpowiedzi na mapie

Odpowiedzi skodowane kolorowo w zielono-czerwonej skali na mapie do tego quizu, zgodnie z poniższymi procentami.
 

Statystyki odpowiedzi

Odpowiedź% Poprawnych
Kanada
75%
Stany Zjednoczone
75%
Meksyk
72%
Argentyna
60%
Brazylia
58%
Albania
56%
Algieria
56%
Australia
55%
Białoruś
55%
Chile
55%
Polska
55%
Austria
54%
Belgia
54%
Francja
54%
Rosja
54%
Czechy
53%
Dania
53%
Hiszpania
53%
Portugalia
53%
Arabia Saudyjska
52%
Chiny
52%
Chorwacja
52%
Egipt
52%
Estonia
52%
Finlandia
52%
Irlandia
52%
Wielka Brytania
52%
Afganistan
51%
Andora
51%
Grecja
51%
Islandia
51%
Kuba
51%
Litwa
51%
Niemcy
51%
Włochy
51%
Bułgaria
50%
Holandia
50%
Łotwa
50%
Norwegia
50%
Panama
50%
Szwecja
50%
Ukraina
50%
Boliwia
49%
Rumunia
49%
Słowacja
49%
Bahamy
48%
Belize
48%
Bośnia i Hercegowina
48%
Ekwador
48%
Indie
48%
Japonia
48%
Malta
48%
Maroko
48%
Peru
48%
Szwajcaria
48%
Węgry
48%
Angola
47%
Cypr
47%
Kazachstan
47%
Kolumbia
47%
Korea Północna
47%
Korea Południowa
47%
Madagaskar
47%
Mołdawia
47%
Republika Południowej Afryki
47%
Słowenia
47%
Urugwaj
47%
Wenezuela
47%
Czarnogóra
46%
Haiti
46%
Indonezja
46%
Jamajka
46%
Kosowo
46%
Luksemburg
46%
Mongolia
46%
Nowa Zelandia
46%
Paragwaj
46%
Serbia
46%
Turcja
46%
Watykan
46%
Azerbejdżan
45%
Liechtenstein
45%
Macedonia Północna
45%
Tunezja
45%
Armenia
44%
Bangladesz
44%
Czad
44%
Dominikana
44%
Filipiny
44%
Gwatemala
44%
Kostaryka
44%
Libia
44%
Monako
44%
Demokratyczna Republika Konga
43%
Iran
43%
Papua-Nowa Gwinea
43%
Salwador
43%
Sri Lanka
43%
Sudan
43%
Zjednoczone Emiraty Arabskie
43%
Etiopia
42%
Irak
42%
Izrael
42%
Jemen
42%
Nigeria
42%
Nikaragua
42%
Oman
42%
Pakistan
42%
Sudan Południowy
42%
Wietnam
42%
Bhutan
41%
Erytrea
41%
Mali
41%
Nepal
41%
Niger
41%
Republika Środkowoafrykańska
41%
San Marino
41%
Somalia
41%
Surinam
41%
Tajlandia
41%
Tajwan
41%
Gruzja
40%
Gujana
40%
Honduras
40%
Kambodża
40%
Kenia
40%
Laos
40%
Lesotho
40%
Kongo
39%
Malediwy
39%
Malezja
39%
Mauretania
39%
Senegal
39%
Syria
39%
Botswana
38%
Eswatini
38%
Jordania
38%
Kamerun
38%
Katar
38%
Mjanma
38%
Mozambik
38%
Namibia
38%
Republika Zielonego Przylądka
38%
Bahrajn
37%
Burkina Faso
37%
Dżibuti
37%
Kuwejt
37%
Liban
37%
Tanzania
37%
Wybrzeże Kości Słoniowej
37%
Wyspy Świętego Tomasza i Książeca
37%
Benin
36%
Gwinea Równikowa
36%
Kirgistan
36%
Singapur
36%
Timor Wschodni
36%
Gambia
35%
Ghana
35%
Liberia
35%
Malawi
35%
Trynidad i Tobago
35%
Uganda
35%
Uzbekistan
35%
Zambia
35%
Zimbabwe
35%
Gabon
34%
Gwinea
34%
Rwanda
34%
Seszele
34%
Tadżykistan
34%
Turkmenistan
34%
Brunei
33%
Mauritius
33%
Togo
33%
Burundi
32%
Gwinea Bissau
32%
Komory
32%
Mikronezja
32%
Sierra Leone
32%
Kiribati
31%
Fidżi
26%
Palau
25%
Barbados
24%
Nauru
24%
Wyspy Marshalla
24%
Wyspy Salomona
24%
Antigua i Barbuda
23%
Dominika
21%
Samoa
21%
Vanuatu
21%
Grenada
20%
Saint Lucia
20%
Saint Vincent i Grenadyny
20%
Tonga
20%
Saint Kitts i Nevis
17%
Tuvalu
17%

Rozkład punktacji

Percentyl według liczby udzielonych odpowiedzi

Procent ludzi z każdym wynikiem

Twoja historia wyników

Nie rozwiązałeś tego quizu